000 01689nam a2200325 a 4500
001 000006719
005 20260521073716.0
008 090902s2002 dr a 001 0 spa d
040 _aDO-SdBNP
_bspa
_cBNPHU
082 _a327.17293
_bS225po, 2002
100 1 _aSang, Mu-Kien A.
_d1955-
_q(Mu-Kien Adriana)
_9331
245 1 3 _aLa política exterior dominicana /
_cAdriana Sang Mu-Kien ; presentación Hugo Tolentino Dipp ; colaboración Margarita González Auffant, Walter Cordero.
260 _aSanto Domingo :
_bBANRESERVAS:
_bSecretaría de Estado de Relaciones Exteriores,
_c2002.
300 _a2 v. :
_bil. ;
_c26 cm.
500 _aIncluye índice onomástico y geográfico
500 _aIncluye referencias bibliográficas y notas al pie de las páginas
505 0 _av.1. 13 años de política exterior: apuntes para un nuevo enfoque -- v. 2. Política exterior dominicana: del caos al abandono. 1961-1974.
590 _aInventariado, 2018/BT
651 4 _aRepública Dominicana
_xRelaciones Exteriores
_92258
651 4 _aRepública Dominicana
_xPolítica Exterior
_918699
651 4 _aRepública Dominicana
_xConflictos Políticos
_zHaití
_918700
651 4 _aHaití
_xConflictos Políticos
_zRepública Dominicana
_918701
651 4 _aRepública Dominicana
_xRelaciones Exteriores
_zHaití
_92233
651 4 _aHaití
_xRelaciones Exteriores
_zRepública Dominicana
_92234
651 4 _aRepública Dominicana
_xRelaciones Exteriores
_zEstados Unidos
_96308
651 4 _aEstados Unidos
_xRelaciones Exteriores
_zRepública Dominicana
_96309
700 1 _aGonzález Auffant, Margarita
_918702
700 1 _aCordero, Walter
_916854
910 _aValidado. Control de calidad. MMOLINA
999 _c6508
_d6508